<The> three worlds of social democracy <a> global view

Salvato in:
Dettagli Bibliografici
Altri autori: Schmidt, Ingo
Natura: Libro
Lingua:inglese
Pubblicazione: London Pluto Press 2016
Soggetti:
Tags: Aggiungi Tag
Nessun Tag, puoi essere il primo ad aggiungerne!!

MARC

LEADER 00000nam a2200000 4500
001 0222862
005 20240314103535.6
020 |a 978-0-7453-3608-4 
041 0 |a eng 
044 |a GB 
245 1 0 |a <The> three worlds of social democracy  |b <a> global view  |c edited by Ingo Schmidt 
264 1 |a London  |b Pluto Press  |c 2016 
300 |a 281 s. 
610 2 0 |a demokracia sociálna 
610 2 0 |a politika 
610 2 0 |a situácia politická 
700 1 |a Schmidt, Ingo